Alle Länder mit V - Statistiken

Allgemein
  • Dieses Quiz wurde 152 mal gespielt
  • Das Durchschnittsergebnis liegt bei 5 aus 7
Antwortstatistiken
Nr Antwort % Korrekt
3 Venezuela
86%
1 Vanuatu
78%
5 Vereinigte Staaten
76%
7 Vietnam
76%
2 Vatikanstadt
75%
4 Vereinigte Arabische Emirate
74%
6 Vereinigtes Königreich
74%
Keine übereinstimmenden Quizze gefunden
Verteilung der Resultate
Anzahl Personen mit jedem Resultat
Perzentil nach korrekt beantworteten Fragen
Ihre Resultats-Entwicklung
Sie haben dieses Quiz noch nicht gespielt